Mladosť v igelitovom vreci rozhovor s básnikom, prozaikom, prekladateľom a č(i)arodejníkom Štefanom Moravčíkom

Bibliographic Details
Main Authors: Vlnka, Jaroslav, 1971- (ain), Moravčík, Štefan, 1943- (Author, uin)
Format: Article
Language:Slovak
PhysicalDescription:Fotogr.
ISSN:1210-1982
Subjects:

MARC

LEADER 00000nab a2200000 a 4500
001 vtls000812651
003 SK-MaSNL
005 20260303193704.0
008 160314c2002 xo 0 slo
015 |a SNBRB2002/11-35188 
035 |a CLN000164306 
040 |a SNKBUCL  |b slo  |c SNKBUCL  |e AACR2 
041 0 |a slo 
044 |a xo  |c SK 
080 |a 82:929:885.4  |2 UDC-MRF-SK2 
080 |a 885.4:929  |2 UDC-MRF-SK2 
100 1 |a Vlnka, Jaroslav,  |d 1971-  |4 ain  |9 103665 
245 1 0 |a Mladosť v igelitovom vreci  |b rozhovor s básnikom, prozaikom, prekladateľom a č(i)arodejníkom Štefanom Moravčíkom  |c rozhovor pripravil Jaroslav Vlnka 
300 |b Fotogr. 
600 1 7 |a Moravčík, Štefan,  |d 1943-  |2 snkbucl  |9 98697 
700 1 |a Moravčík, Štefan,  |d 1943-  |4 aut  |4 uin  |9 98697 
773 0 |x 1210-1982  |t Knižná revue  |g Roč. 12, č. 22 (2002), s. 12 
850 |a Slovenská národná knižnica v Martine 
852 |a SNK  |b KIS3GCP 
958 |a LX 
958 |a SK 
958 |a RBX 
999 |c 2153671  |d 2155601